Translations du genre (notice n° 1580551)

détails MARC
000 -LEADER
fixed length control field 02637cam a2200289 4500500
005 - DATE AND TIME OF LATEST TRANSACTION
control field 20251228050523.0
041 ## - LANGUAGE CODE
Language code of text/sound track or separate title fre
042 ## - AUTHENTICATION CODE
Authentication code dc
100 10 - MAIN ENTRY--PERSONAL NAME
Personal name Bonis, Oristelle
Relator term author
245 00 - TITLE STATEMENT
Title Translations du genre
260 ## - PUBLICATION, DISTRIBUTION, ETC.
Date of publication, distribution, etc. 2013.<br/>
500 ## - GENERAL NOTE
General note 86
520 ## - SUMMARY, ETC.
Summary, etc. RésuméÀ partir d’un point de vue général, cet article associe le déploiement du féminisme de la deuxième vague à trois moments de l’histoire du capitalisme. Dans un premier temps, le mouvement a défié, de façon radicale, l’androcentrisme diffus du ‘capitalisme d’État’. Puis, il a involontairement constitué un élément-clé de ce que Luc Boltanski et Eve Chiapello appellent « le nouvel esprit » du capitalisme néolibéral. Aujourd’hui, alors que le capitalisme est en crise, occasion nous est donnée de ranimer la promesse émancipatrice du féminisme de la deuxième vague1.
520 ## - SUMMARY, ETC.
Summary, etc. Feminism, Capitalism, and the Cunning of HistoryTaking a broad, sweeping look at second-wave feminism, this essay situates the movement’s unfolding in relation to three moments in the history of capitalism. In the first moment, feminism posed a radical challenge to the pervasive androcentrism of “state-organized capitalism.” In the second, the movement unwittingly supplied a key ingredient of what Luc Boltanski and Eve Chiapello call “the new spirit” of neoliberal capitalism. In the third (present) moment, of capitalist crisis, we have the chance to reactivate the emancipatory promise of second-wave feminism.
520 ## - SUMMARY, ETC.
Summary, etc. ResumenA partir de un punto de vista general, este artículo associa el despliegue del feminismo de la segunda ola con tres momentos de la historia del capitalismo. En un primer tiempo, el movimiento desafió radicalmente el androcentrismo difuso del “capitalismo organizado por el Estado”. Después, constituyó involuntariamente un elemento clave de lo que Luc Boltanski y Eve Chiapello llaman “el nuevo espiritú” del capitalismo neoliberal. Hoy, mientras el capitalismo está en crisis, la ocasión nos es dada de despertar la promesa emancipadora del feminismo de la segunda ola.
690 ## - LOCAL SUBJECT ADDED ENTRY--TOPICAL TERM (OCLC, RLIN)
Topical term or geographic name as entry element édition
690 ## - LOCAL SUBJECT ADDED ENTRY--TOPICAL TERM (OCLC, RLIN)
Topical term or geographic name as entry element féminisme
690 ## - LOCAL SUBJECT ADDED ENTRY--TOPICAL TERM (OCLC, RLIN)
Topical term or geographic name as entry element genre (concept de)
690 ## - LOCAL SUBJECT ADDED ENTRY--TOPICAL TERM (OCLC, RLIN)
Topical term or geographic name as entry element rapports sociaux de sexe
690 ## - LOCAL SUBJECT ADDED ENTRY--TOPICAL TERM (OCLC, RLIN)
Topical term or geographic name as entry element traduction
700 10 - ADDED ENTRY--PERSONAL NAME
Personal name Kraus, Cynthia
Relator term author
700 10 - ADDED ENTRY--PERSONAL NAME
Personal name Pheterson, Gail
Relator term author
700 10 - ADDED ENTRY--PERSONAL NAME
Personal name Clair, Isabelle
Relator term author
700 10 - ADDED ENTRY--PERSONAL NAME
Personal name Heinen, Jacqueline
Relator term author
786 0# - DATA SOURCE ENTRY
Note Cahiers du Genre | 54 | 1 | 2013-05-01 | p. 21-44 | 1298-6046
856 41 - ELECTRONIC LOCATION AND ACCESS
Uniform Resource Identifier <a href="https://shs.cairn.info/revue-cahiers-du-genre-2013-1-page-21?lang=fr&redirect-ssocas=7080">https://shs.cairn.info/revue-cahiers-du-genre-2013-1-page-21?lang=fr&redirect-ssocas=7080</a>

Pas d'exemplaire disponible.

PLUDOC

PLUDOC est la plateforme unique et centralisée de gestion des bibliothèques physiques et numériques de Guinée administré par le CEDUST. Elle est la plus grande base de données de ressources documentaires pour les Étudiants, Enseignants chercheurs et Chercheurs de Guinée.

Adresse

627 919 101/664 919 101

25 boulevard du commerce
Kaloum, Conakry, Guinée

Réseaux sociaux

Powered by Netsen Group @ 2025